Southville International School and Colleges
Your cart is empty.
  • Cart
  • Lists
    Public lists Eva Luna New books Lux_list list_1
    Your lists Log in to create your own lists
  • Log in to your account
  • Your cookies
  • Search history
Southville International School and Colleges
  • Advanced search
  • Recent comments
  • Most popular
  • Libraries

Log in to your account

Log in with GOOGLE


If you do not have an external account, but do have a local account, you can still log in:

  1. Home
  2. MARC view: Jamaica tag-along /
Normal view MARC view ISBD view

Jamaica tag-along / (Record no. 47457)

[ view plain ]
MARC details
000 -LEADER
fixed length control field 01079pam a2200325 a 4500
001 - CONTROL NUMBER
control field 547861
003 - CONTROL NUMBER IDENTIFIER
control field OSt
005 - DATE AND TIME OF LATEST TRANSACTION
control field 20140317085947.0
008 - FIXED-LENGTH DATA ELEMENTS--GENERAL INFORMATION
fixed length control field 880719s1989 maua j 000 1 eng
010 ## - LIBRARY OF CONGRESS CONTROL NUMBER
LC control number 88013478
020 ## - INTERNATIONAL STANDARD BOOK NUMBER
International Standard Book Number 0590440624
040 ## - CATALOGING SOURCE
Original cataloging agency DLC
Transcribing agency DLC
Modifying agency DLC
042 ## - AUTHENTICATION CODE
Authentication code lcac
050 00 - LIBRARY OF CONGRESS CALL NUMBER
Classification number PZ 7
Item number .H31115Jam 1991
100 1# - MAIN ENTRY--PERSONAL NAME
Personal name Havill, Juanita.
9 (RLIN) 26947
245 10 - TITLE STATEMENT
Title Jamaica tag-along /
Statement of responsibility, etc Juanita Havill ; illustrations by Anne Sibley O'Brien.
260 ## - PUBLICATION, DISTRIBUTION, ETC. (IMPRINT)
Place of publication, distribution, etc Boston :
Name of publisher, distributor, etc Houghton Mifflin,
Date of publication, distribution, etc 1991.
300 ## - PHYSICAL DESCRIPTION
Other physical details col. ill. ;
Dimensions 20 cm.
521 ## - TARGET AUDIENCE NOTE
Target audience note
526 ## - STUDY PROGRAM INFORMATION NOTE
Reading level 410
650 #1 - SUBJECT ADDED ENTRY--TOPICAL TERM
Topical term or geographic name as entry element Brothers and sisters
General subdivision Fiction.
9 (RLIN) 28317
650 #1 - SUBJECT ADDED ENTRY--TOPICAL TERM
Topical term or geographic name as entry element Friendship
General subdivision Fiction.
9 (RLIN) 28318
650 #1 - SUBJECT ADDED ENTRY--TOPICAL TERM
Topical term or geographic name as entry element Play
General subdivision Fiction.
9 (RLIN) 28319
700 1# - ADDED ENTRY--PERSONAL NAME
Personal name O'Brien, Anne Sibley,
Relator term ill.
9 (RLIN) 28320
856 42 - ELECTRONIC LOCATION AND ACCESS
Materials specified Publisher description
Uniform Resource Identifier <a href="http://www.loc.gov/catdir/description/hm021/88013478.html">http://www.loc.gov/catdir/description/hm021/88013478.html</a>
856 42 - ELECTRONIC LOCATION AND ACCESS
Materials specified Contributor biographical information
Uniform Resource Identifier <a href="http://www.loc.gov/catdir/enhancements/fy0736/88013478-b.html">http://www.loc.gov/catdir/enhancements/fy0736/88013478-b.html</a>
906 ## - LOCAL DATA ELEMENT F, LDF (RLIN)
a 7
b cbc
c orignew
d 1
e ocip
f 19
g y-gencatlg
942 ## - ADDED ENTRY ELEMENTS (KOHA)
Source of classification or shelving scheme Library of Congress Classification
Koha item type Books
Holdings
Withdrawn status Lost status Source of classification or shelving scheme Damaged status Home library Current library Shelving location Date acquired Total Checkouts Full call number Barcode Date last seen Copy number Price effective from Koha item type
    Library of Congress Classification   Munich Library Munich Library Scholastic Reading Center Section 03/17/2014   PZ 7 .H31115Jam 1991 MS2796 03/17/2014 1 03/17/2014 Books

Jamaica tag-along /

APA

Havill J., O'Brien A. S., . (1991). Jamaica tag-along. Boston: Houghton Mifflin.

Chicago

Havill Juanita, O'Brien Anne Sibley, . 1991. Jamaica tag-along. Boston: Houghton Mifflin.

Harvard

Havill J., O'Brien A. S., . (1991). Jamaica tag-along. Boston: Houghton Mifflin.

MLA

Havill Juanita, O'Brien Anne Sibley, . Jamaica tag-along. Boston: Houghton Mifflin. 1991.

  • Place hold
  • Print
  • Cite
  • Add to your cart (remove)
  • Save record
    BIBTEX Dublin Core MARCXML MARC (non-Unicode/MARC-8) MARC (Unicode/UTF-8) MARC (Unicode/UTF-8, Standard) MODS (XML) RIS
  • More searches
    Search for this title in:
    Other Libraries (WorldCat) Other Databases (Google Scholar) Online Stores (Bookfinder.com) Open Library (openlibrary.org)

Exporting to Dublin Core...

SOUTHVILLE LIBRARY

Southville International School and Colleges Library

1281 Tropical Ave. Cor. Luxembourg St., BF Homes International, Las Pinas City

Tel. No. 8256374 / 252358 Loc. 117/146

Powered by Koha